| 000 | 00816nam a2200241Ia 4500 | ||
|---|---|---|---|
| 999 |
_c44314 _d44314 |
||
| 001 | 11072 | ||
| 003 | GE_BSU | ||
| 005 | 20221117104724.0 | ||
| 008 | 181216s2002en xx |||||||||||||| ||eng|| | ||
| 020 | _a9780748764426 x | ||
| 040 | _cGE_BSU | ||
| 041 | _aeng | ||
| 080 | _a378 N - 33 | ||
| 100 |
_aNeary, Mary _915873 |
||
| 245 |
_aCurriculum Studies in Post-Compulsory and Adult Education : _ba study guide for teachers and student teachers / _cMary Neary. |
||
| 264 |
_aCheltenham : _bNelson Thornes, _c2002. |
||
| 300 |
_a294 p.: _bill; _c25cm. |
||
| 541 | _h69Gel. | ||
| 653 | _aCurriculum Studies in Post-Compulsory and Adult Education. | ||
| 653 | _aსასწავლო გეგმა | ||
| 653 | _aშემოსულია ტემპუსის პროექტით. | ||
| 942 |
_cBK _2udc |
||